| 000 | 00807nam a2200253 a 4500 | ||
|---|---|---|---|
| 008 | |||
| 049 | _aMAIN | ||
| 090 |
_aR834.5 _bUSM |
||
| 245 | 1 | 0 |
_aUSMLE Step 1 Review : _borgan systems 2. |
| 246 | 3 | 0 | _aUSMLE step one review. |
| 260 |
_aNew York : _bKaplan Educational Centers, _c2002. |
||
| 300 |
_a 768 p. : _bill. ; _c24 cm. |
||
| 505 | 0 | _av. 1. General principles -- v. 2. Organ systems. | |
| 650 | 1 |
_aOrgan systems _xlymphoreticular system. |
|
| 650 | 2 |
_aHematology _vHandbooks. |
|
| 650 | 2 |
_aNervous System _vHandbooks. |
|
| 710 | _aUnited States Medical Licensing Examination (USMLE) | ||
| 710 | 2 | _aKaplan, Inc. | |
| 907 |
_a.b10242521 _b24-09-15 _c04-05-07 |
||
| 003 | |||
| 005 | 20230120203947.0 | ||
| 040 | _cNUST | ||
| 942 |
_cBOOKS _kR834.5 _mUSM |
||
| 999 |
_c114637 _d114637 |
||